[Event "25th Abu Dhabi Master 2018"]
[Site "Abu Dhabi"]
[Date "2018.08.08"]
[Round "2"]
[White "Le, Quang Liem"]
[Black "Dixit, Nikhil"]
[Result "1-0"]
[WhiteElo "2727"]
[BlackElo "2240"]
[Annotator "TA"]
[PlyCount "75"]
[EventDate "2018.08.05"]
[EventType "swiss"]
[EventCountry "UAE"]
[SourceTitle "playchess.com"]
[Source "ChessBase"]
[SourceQuality "1"]

{[%evp 20,75,58,45,62,29,60,56,61,38,45,26,70,69,89,69,132,126,132,132,150,132,129,129,140,128,152,107,109,36,150,131,139,108,129,139,158,149,208,206,202,191,252,234,291,291,248,230,308,292,306,247,1074,1043,1202,1211,1191,1184]} 1. d4 Nf6 2. c4 g6 3. Nc3 Bg7 4. e4 d6 5. Nge2 O-O 6. Ng3 c5 7. d5 e6 8. Be2 exd5 9. cxd5 Na6 10. O-O {A65: Modern Benoni: 6 e4} Nc7 11. Bf4 {LiveBook: 3 Games} (11. a4 Nd7 12. Bf4 Ne5 13. Qd2 h5 14. h3 Bd7 15. Rae1 a6 16. Bh6 h4 17. Nh1 f6 18. Bxg7 Kxg7 {0-1 (45) Mchedlishvili,M (2601)-Pantsulaia,L (2607) Tbilisi 2017}) 11... Rb8 12. a4 {White is slightly better.} b6 13. Qd2 $146 ({Predecessor:} 13. Nb5 Nxb5 14. axb5 Rb7 15. Ra4 Qe7 16. Qd2 Ng4 17. f3 Ne5 {1-0 (48) Neau,J (1913)-Lauron,W (1796) Rochefort 2017}) 13... a6 14. h3 b5 15. axb5 axb5 16. b4 c4 17. Ra5 h5 (17... Nfe8 $14) 18. Bg5 $16 Qe8 19. Rfa1 Nh7 20. Bh6 Bxh6 21. Qxh6 Qe5 22. Qd2 h4 23. f4 Qg7 {[#]} 24. Nh1 ({White should play} 24. Nf1 $1 $16) 24... g5 (24... f5 $1 $14) 25. Ra7 Ne8 {intending ...gxf4.} 26. Ra8 Rxa8 27. Rxa8 Bd7 28. Ra7 $36 {[%mdl 2048] White has strong initiative.} Bc8 {[#]} (28... Bxh3 $16 29. gxh3 gxf4+ 30. Kf1 Qe5) 29. f5 $1 $18 {Hoping for Nf2.} Qe5 30. Nf2 {aiming for Ng4.} Nef6 31. Nxb5 {[%cal Bc3b5,Bb5d6,Bd6c4][%mdl 32]} Nxe4 32. Nxe4 Qxe4 33. Nxd6 Qb1+ 34. Kh2 Qb3 {White must now prevent ...Qg3+.} 35. Nxc4 g4 $2 (35... Qg3+ 36. Kg1 Bxf5) 36. Bd3 {White is clearly winning.} g3+ 37. Kg1 Bxf5 38. Ra3 {Precision: White = 67%, Black = 39%.} 1-0

[Event "25th Abu Dhabi Master 2018"]
[Site "Abu Dhabi"]
[Date "2018.08.08"]
[Round "2"]
[White "Cheparinov, Ivan"]
[Black "Kunte, Abhijit"]
[Result "1-0"]
[WhiteElo "2718"]
[BlackElo "2485"]
[Annotator "TA"]
[PlyCount "100"]
[EventDate "2018.08.05"]
[EventType "swiss"]
[EventCountry "UAE"]
[SourceTitle "playchess.com"]
[Source "ChessBase"]
[SourceQuality "1"]

{[%evp 21,100,47,66,51,89,91,128,61,63,63,52,59,59,54,59,59,60,59,62,55,56,54,62,70,74,74,74,72,72,67,67,66,95,72,83,82,86,83,153,149,155,135,144,147,218,206,207,195,216,203,232,193,227,230,259,267,242,253,266,230,305,315,305,301,314,308,304,304,296,273,310,306,300,293,699,698,1379,1412,1195,1087,29994]} 1. e4 c5 2. Nf3 e6 3. d4 cxd4 4. Nxd4 a6 5. c4 Nf6 6. Nc3 Qc7 7. Be2 b6 8. O-O Bb7 {B41: Sicilian: Kan Variation: 5 c4} 9. Qd3 Nc6 10. Nxc6 Bxc6 11. Be3 Bb4 {LiveBook: 3 Games} (11... Be7 12. f4 O-O 13. e5 Ne8 14. Bd4 d6 15. Qe3 Qb7 16. Bf3 Bxf3 17. Qxf3 Qxf3 18. Rxf3 {½-½ (26) Anton Guijarro,D (2648)-Bachmann,A (2624) Neuquen 2017}) 12. Rac1 Bxc3 $146 ({Predecessor:} 12... Bc5 13. a3 O-O 14. b4 Bxe3 15. Qxe3 e5 16. Rfd1 {0-1 (39) Das,A (2456)-Kunte,A (2515) Thiruvarur 2015}) 13. Qxc3 Nxe4 14. Qd4 (14. Qxg7 $16 Ke7 15. Bh5) 14... O-O $14 15. Qxb6 Qxb6 16. Bxb6 Rfb8 17. Bd4 f6 {With the idea ...e5.} 18. b3 a5 19. f3 $1 {[%cal Rf3e4]} Ng5 20. Bc5 e5 21. Bd6 Re8 22. Rfd1 Nf7 23. Bc5 Rab8 24. Kf2 Rb7 25. Rb1 Reb8 26. Rd2 f5 27. g3 Rc8 28. Be3 Rcb8 29. Rdb2 d5 (29... g6 $142) 30. cxd5 $16 Bxd5 31. Rd2 Be6 32. Rc1 g5 (32... Ra8 $16 {might work better.} 33. Rc6 Re7) 33. Rc6 $18 Bd7 {[#]} 34. Ra6 $1 f4 35. gxf4 gxf4 36. Ba7 Re8 37. Rxa5 Be6 38. h4 Nh6 39. Rd6 Nf7 40. Rd1 Ra8 41. Rg1+ Kh8 {[#]} 42. Rxe5 $3 {[%mdl 512] aiming for Bd4.} Rbxa7 ({Of course not} 42... Nxe5 43. Bd4 $18) 43. Rxe6 Rxa2 44. Rg4 Nd6 45. Rxf4 ({Don't do} 45. Rxd6 $6 Re8 $18) 45... Nb5 46. Ke3 Nc3 47. Bc4 Rd8 $2 (47... R2a7 48. Rff6 Rb8) 48. Rf7 {White is clearly winning.} Rh2 49. Rh6 {[%csl Gh6][%cal Rf7h7]} Nd5+ 50. Ke4 Nc3+ {Precision: White = 90%, Black = 54%.} 1-0

[Event "25th Abu Dhabi Master 2018"]
[Site "Abu Dhabi"]
[Date "2018.08.08"]
[Round "2"]
[White "Amin, Bassem"]
[Black "Nguyen, Anh Khoi"]
[Result "1-0"]
[WhiteElo "2684"]
[BlackElo "2454"]
[Annotator "TA"]
[PlyCount "61"]
[EventDate "2018.08.05"]
[EventType "swiss"]
[EventCountry "UAE"]
[SourceTitle "playchess.com"]
[Source "ChessBase"]
[SourceQuality "1"]

{[%evp 21,61,-35,-49,-34,-33,-28,-17,-51,-18,-36,-17,-60,67,64,48,54,49,69,93,119,108,101,120,120,119,120,120,120,120,120,119,119,306,304,308,308,538,408,1504,1469,1338,1233]} 1. Nf3 Nf6 2. g3 b6 3. Bg2 Bb7 4. O-O e6 5. d3 d5 6. Nbd2 c5 7. e4 Nc6 8. Re1 Be7 9. c3 O-O 10. e5 Nd7 11. Nf1 b5 {[%cal Bb6b5,Bb5b4][%mdl 32] LiveBook: 16 Partien} 12. Bf4 {C00: Französische Verteidigung (Seltene Züge)} (12. h4 b4 13. c4 dxc4 14. dxc4 Qb6 15. Bf4 Rfd8 16. N1d2 Rac8 17. h5 h6 18. b3 Nd4 19. Nxd4 cxd4 20. Bxb7 Qxb7 {½-½ (43) Hamitevici,V (2487)-Oparin,G (2604) Minsk 2017}) 12... b4 $146 ({Vorgänger:} 12... Re8 13. h4 b4 14. c4 dxc4 15. dxc4 Nf8 16. Qe2 Qc7 17. h5 Rad8 18. N1h2 Nd4 19. Nxd4 Rxd4 20. Bxb7 Qxb7 {½-½ (55) Swic,W (2351)-Dauenheimer,T (2113) Germany 2006}) 13. c4 Nb6 14. Qe2 {Die Stellung ist ausgeglichen.} Qd7 15. Rad1 Rfd8 16. h4 {[%cal Bh2h4,Bh4g5][%mdl 32]} Nd4 ({Besser ist} 16... a5 $15) 17. Nxd4 $14 cxd4 18. b3 a5 19. Qg4 Kh8 20. Bg5 Bxg5 21. hxg5 Qc7 22. Nd2 a4 23. Nf3 axb3 24. axb3 dxc4 25. dxc4 Bxf3 26. Bxf3 Ra3 $2 (26... Rab8 $16 27. Rxd4 Rxd4 28. Qxd4 Nd7) 27. Rxd4 $18 Rxb3 {Und weiter mit ...Txd4 wäre nett.} 28. Red1 Rf8 $2 {[#]} (28... Rxd4 29. Qxd4 g6) 29. Be4 $1 {[%cal Re4h7] zielt auf Lxh7! ab.} Qxe5 (29... g6 $142 30. Qf4 Qe7) 30. Rd8 {[%cal Rd8f8]} Qc5 31. Qf4 {Precision: Weiß = 76%, Schwarz = 25%.} 1-0

[Event "25th Abu Dhabi Master 2018"]
[Site "Abu Dhabi"]
[Date "2018.08.08"]
[Round "2"]
[White "Sjugirov, Sanan"]
[Black "Daneshvar, Bardiya"]
[Result "1-0"]
[WhiteElo "2677"]
[BlackElo "2290"]
[Annotator "RC"]
[PlyCount "59"]
[EventDate "2018.08.05"]
[EventType "swiss"]
[EventCountry "UAE"]
[SourceTitle "playchess.com"]
[Source "ChessBase"]
[SourceQuality "1"]
[TimeControl "5400+30"]

1. e4 c6 2. d4 d5 3. e5 Bf5 4. Nf3 e6 5. Be2 Nd7 6. O-O Ne7 7. Nbd2 {[%emt 0:13:44]} Nc8 {[%emt 0:01:35]} 8. b3 {[%emt 0:00:30]} Be7 {[%emt 0:00:30]} 9. c4 {[%emt 0:01:43]} O-O {[%emt 0:00:37]} 10. Bb2 {[%emt 0:01:00]} a6 {[%emt 0:06:36]} 11. a3 {[%emt 0:03:24]} dxc4 {[%emt 0:06:19]} 12. bxc4 {[%emt 0:03:27]} b5 {[%emt 0:01:33]} 13. d5 {[%emt 0:09:22]} cxd5 {[%emt 0:04:38]} 14. cxd5 {[%emt 0:00:32]} exd5 {[%emt 0:00:12]} 15. Nd4 {[%emt 0:00:08]} Bg6 {[%emt 0:06:56]} 16. f4 {[%emt 0:00:42]} f5 {[%emt 0:09:52]} 17. N2b3 {[%emt 0:02:42]} Qb6 {[%emt 0:10:44]} 18. Bf3 {[%emt 0:01:19]} Kh8 {[%emt 0:12:15]} 19. Bxd5 {[%emt 0:00:56]} Ra7 {[%emt 0:00:03]} 20. Kh1 {[%emt 0:00:32]} Nc5 {[%emt 0:02:48]} 21. Nxc5 {[%emt 0:01:33]} Bxc5 {[%emt 0:02:09]} 22. Ne6 {[%emt 0:01:05]} Re8 {[%emt 0:00:10]} 23. Rc1 {[%emt 0:04:43]} Be3 {[%emt 0:01:03]} 24. Rc6 {[%emt 0:01:08]} Qb8 {[%emt 0:00:15]} 25. Bb3 {[%emt 0:00:52]} Bb6 {[%emt 0:02:54]} 26. Ng5 {[%emt 0:04:30]} Ne7 {[%emt 0:00:25]} 27. Rxg6 {[%emt 0:02:22]} hxg6 {[%emt 0:01:14]} 28. Qf3 {[%emt 0:01:48]} Ng8 {[%emt 0:00:16]} 29. Qh3+ {[%emt 0:00:15]} Nh6 {[%emt 0:00:07]} 30. e6 {[%emt 0:00:06]} 1-0

[Event "25th Abu Dhabi Master 2018"]
[Site "Abu Dhabi"]
[Date "2018.08.08"]
[Round "2"]
[White "Short, Nigel D"]
[Black "Nitin, Shankar Madhu"]
[Result "1-0"]
[WhiteElo "2659"]
[BlackElo "1982"]
[Annotator "TA"]
[PlyCount "65"]
[EventDate "2018.08.05"]
[EventType "swiss"]
[EventCountry "UAE"]
[SourceTitle "playchess.com"]
[Source "ChessBase"]
[SourceQuality "1"]

{[%evp 18,65,28,7,23,22,17,6,48,66,81,53,99,76,75,-35,90,40,56,30,34,0,151,42,42,39,46,38,94,69,60,52,203,187,191,212,165,216,192,166,193,170,243,232,551,530,539,530,610,501]} 1. e4 c5 2. Nc3 a6 3. g3 b5 4. Bg2 Bb7 5. d3 e6 6. Nh3 b4 {B23: Closed Sicilian: Lines without g3} 7. Ne2 d5 8. O-O (8. e5 Nc6 9. f4 Nh6 10. Nf2 Nf5 11. O-O Qb6 12. c3 Be7 13. g4 Nh4 14. Bh1 {0-1 (35) Yu,Y (2738)-Khismatullin,D (2639) Moscow 2017}) 8... Nf6 9. e5 Nfd7 10. f4 {LiveBook: 3 Games} g6 11. c4 Nb6 12. f5 $146 ({Predecessor:} 12. b3 Nc6 13. Be3 Be7 14. Qe1 dxc4 15. dxc4 {1-0 (48) Mareckova,M (2095)-Sochorova,P (2219) Ledec nad Sazavou 2013}) 12... gxf5 13. Nef4 $1 {Strongly threatening Qh5.} h5 $1 14. Nxh5 Be7 15. N3f4 {aiming for cxd5.} Qd7 16. a3 ({White should play} 16. g4 $1 $16) 16... a5 (16... dxc4 $15 {keeps the upper hand.} 17. Bxb7 Qxb7) 17. axb4 axb4 18. Rxa8 Bxa8 19. b3 d4 $2 (19... Bc6 $11) 20. Bxa8 (20. g4 $1 $16) 20... Nxa8 $14 21. Ng7+ Kd8 $1 22. g4 Nc7 (22... fxg4 $14 23. Nfh5 (23. Qxg4 Kc8 $11) 23... Nc6 24. Qxg4 Nc7) 23. Nfh5 {[%cal Rg4f5]} Nc6 24. Qe2 {[%cal Rg4f5]} fxg4 $2 ({Better is} 24... Rg8 $14) 25. Rxf7 $18 {Black must now prevent Nf6.} Rf8 26. Nf6 Rxf7 27. Nxd7 Kxd7 {[#]} 28. Nh5 $1 Rf5 {[#]} 29. Ng3 $1 {[%cal Rg3f5]} Rxe5 (29... Rf7 {is a better defense.} 30. Kg2 Ne8) 30. Qf1 Bg5 $2 (30... Bh4 31. Qf7+ Ne7) 31. Bxg5 {White is clearly winning.} Rxg5 32. Qf7+ Ne7 33. Qf4 {Precision: White = 50%, Black = 29%.} 1-0

[Event "25th Abu Dhabi Master 2018"]
[Site "Abu Dhabi"]
[Date "2018.08.08"]
[Round "2"]
[White "Kravtsiv, Martyn"]
[Black "Halvax, Georg"]
[Result "1-0"]
[WhiteElo "2654"]
[BlackElo "2437"]
[Annotator "TA"]
[PlyCount "57"]
[EventDate "2018.08.05"]
[EventType "swiss"]
[EventCountry "UAE"]
[SourceTitle "playchess.com"]
[Source "ChessBase"]
[SourceQuality "1"]

{[%evp 17,57,41,48,49,74,52,67,51,38,48,44,25,85,90,81,75,91,72,70,77,83,72,84,85,162,149,133,175,168,72,86,66,77,75,268,71,332,357,499,497,576,517]} 1. e4 d6 2. d4 Nf6 3. Nc3 e5 4. Nf3 Nbd7 5. Bc4 Be7 6. a4 c6 7. O-O Qc7 8. Re1 h6 {C41: Philidor Defence} 9. h3 (9. Qd3 exd4 10. Qxd4 Ne5 11. Nxe5 dxe5 {1-0 (11) Fedorchuk,S (2665)-Rapport,R (2704) Palic 2014}) 9... Nf8 {LiveBook: 10 Games} 10. Nh4 Ne6 $146 {White is slightly better.} ({Predecessor:} 10... g6 11. a5 Bd7 12. Be3 Ne6 13. Nf3 g5 14. d5 Nf4 15. a6 c5 16. axb7 Qxb7 {½-½ (30) Schnepp,G (2349)-Koellner,R (2133) Heusenstamm 2017}) 11. Nf5 {aiming for dxe5.} (11. d5 $5 {[%cal Rd5e6]} Nd4 12. Be3 $14) 11... Nxd4 12. Nxd4 exd4 13. Qxd4 O-O 14. Qd3 Rd8 (14... Be6 $11 {remains equal.}) 15. Qg3 $16 Kf8 16. a5 Rb8 17. Be3 b5 18. axb6 axb6 19. Bd4 b5 20. Bb3 Ne8 (20... Rb7 $16 {was worth a try.}) 21. Qf3 $1 $36 {[%csl Gb3][%cal Rf3f7][%mdl 2048] Keeping Black busy.} Bf6 22. e5 $1 {[%cal Re5f6]} dxe5 23. Bxe5 (23. Bc5+ $18 {has better winning chances.} Kg8 24. Ne4) 23... Bxe5 $16 {[#]} 24. Rxe5 $1 {[%mdl 512]} Nf6 (24... Qxe5 25. Qxf7#) 25. Rae1 Bb7 $2 (25... Rb7 $16) 26. Qg3 $2 ({Not} 26. Re7 Rd7 $14) (26. Qf4 $1 $18 {and the rest is easy. Black must now prevent Re8+!} Rd7 27. Ne4 Nxe4 28. Qxe4 (28. R1xe4 f6 $14)) 26... Rbc8 $2 {[%mdl 8192] [#]} (26... Rd7 $16 {is a better defense.}) 27. Bxf7 $1 $18 b4 ({Don't play} 27... Kxf7 {[#]} 28. Re7+ $1 {[%mdl 512]} Qxe7 29. Rxe7+ Kxe7 30. Qxg7+ Ke6 31. Qxb7 $18) 28. Na4 c5 29. Be6 {Precision: White = 56%, Black = 44%.} 1-0

[Event "25th Abu Dhabi Master 2018"]
[Site "Abu Dhabi"]
[Date "2018.08.08"]
[Round "2"]
[White "Maghsoodloo, Parham"]
[Black "Sundararajan, Kidambi"]
[Result "1-0"]
[WhiteElo "2636"]
[BlackElo "2433"]
[Annotator "TA"]
[PlyCount "93"]
[EventDate "2018.08.05"]
[EventType "swiss"]
[EventCountry "UAE"]
[SourceTitle "playchess.com"]
[Source "ChessBase"]
[SourceQuality "1"]

{[%evp 16,93,37,27,34,31,42,38,34,43,54,40,57,65,91,84,98,89,61,73,67,62,158,155,152,154,155,145,126,130,137,133,127,136,159,152,133,127,127,106,125,115,103,100,162,150,149,133,121,90,105,85,81,77,282,282,278,13,14,0,281,279,231,19,25,0,177,131,142,144,120,151,866,847,1008,846,839,845,786,779]} 1. c4 g6 2. g3 Bg7 3. Bg2 c5 4. Nc3 Nc6 5. e3 d6 6. Nge2 Nf6 7. d4 O-O 8. O-O Bf5 9. h3 {LiveBook: 12 Games. E61: King's Indian: Early deviations for White, including Smyslov System} a6 (9... Qc8 10. Kh2 cxd4 11. exd4 e5 12. dxe5 dxe5 13. Bg5 h6 14. Bxf6 Bxf6 15. Qa4 Bg7 16. Rad1 Nd4 17. Nxd4 exd4 {½-½ (36) Markowski,T (2627)-Volokitin,A (2678) Lublin 2009}) 10. b3 Rc8 11. g4 $146 {[%cal Bg3g4,Bg4g5][%mdl 32] White is slightly better.} ({Predecessor:} 11. e4 cxd4 12. exf5 dxc3 {1-0 (12) Hernandez,R (2149)-Krubnik,M San Francisco 2001}) 11... Bd7 12. dxc5 dxc5 13. Bb2 {[%cal Bc1b2,Bb2a3,Ba3c5,Bc5e7,Be7d6][%mdl 32]} h5 14. g5 Ne8 15. Qd2 Bf5 16. Rad1 $1 Qxd2 17. Rxd2 Nd6 18. Ba3 b5 (18... Ne5 $14) 19. cxb5 $1 $16 ({Don't do} 19. Bxc5 $6 bxc4 20. Bxd6 exd6 $16) 19... Nxb5 20. Nxb5 axb5 21. Bxc5 Ne5 22. Bxe7 Rfe8 23. Bd6 {Nd4 is the strong threat.} Bxh3 24. Nd4 {[%cal Be2d4,Bd4c6,Bc6b4][%mdl 32]} Bg4 25. f4 Nd7 26. Nc6 ({Don't play} 26. Nxb5 $6 Rxe3 27. Ba3 h4 $11) 26... Bf8 27. Rc1 Bxd6 28. Rxd6 {Strongly threatening Ne7+!} Kg7 29. Re1 Ra8 (29... Nc5 $16 {was necessary.}) 30. Nb4 Ra7 31. Bc6 Rb8 32. e4 Nc5 33. Bd5 Re8 34. Rb6 Bf5 $2 (34... Ne6 $16 {was worth a try.}) 35. Rxb5 $18 Nxe4 36. Bc6 $2 (36. a4 $18) 36... Re6 $11 37. Bd5 $2 {[%mdl 8192]} (37. Rb7 $11 Rxb7 38. Bxb7) 37... Re8 $18 38. a4 Rc7 39. Bc6 $2 (39. Nc6 $1 $18) 39... Re6 $11 40. Bd5 $2 (40. Rb6 $11) 40... Re8 $18 41. Rb7 $36 {[%mdl 2048] Black is under strong pressure.} Rc3 42. Rxf7+ Kh8 {[#]} 43. Bxe4 $1 Bxe4 $2 {[#]} (43... Rxe4 $16 44. Rxe4 Bxe4) 44. Nd5 $1 {[%cal Rd5f6][%mdl 512] White wants to mate with Nf6.White is clearly winning.} Rg3+ (44... Bxd5 45. Rxe8#) 45. Kh2 {Intending Nf6 and mate.} Kg8 46. Kxg3 Kxf7 47. Nf6 {Precision: White = 61%, Black = 71%.} 1-0

[Event "25th Abu Dhabi Master 2018"]
[Site "Abu Dhabi"]
[Date "2018.08.08"]
[Round "2"]
[White "Adly, Ahmed"]
[Black "Sadhwani, Raunak"]
[Result "1/2-1/2"]
[WhiteElo "2634"]
[BlackElo "2424"]
[Annotator "RC"]
[PlyCount "138"]
[EventDate "2018.08.05"]
[EventType "swiss"]
[EventCountry "UAE"]
[SourceTitle "playchess.com"]
[Source "ChessBase"]
[SourceQuality "1"]
[TimeControl "5400+30"]

1. Nf3 {[%emt 0:00:07]} Nf6 {[%emt 0:00:00]} 2. g3 {[%emt 0:00:38]} g6 {[%emt 0:00:00]} 3. Bg2 {[%emt 0:00:04]} Bg7 {[%emt 0:00:00]} 4. c4 {[%emt 0:00:03]} O-O {[%emt 0:00:04]} 5. d4 {[%emt 0:00:02]} c5 {[%emt 0:00:09]} 6. O-O {[%emt 0:00:26]} cxd4 {[%emt 0:00:10]} 7. Nxd4 {[%emt 0:00:03]} Nc6 {[%emt 0:00:07]} 8. Nc3 {[%emt 0:00:08]} Qa5 {[%emt 0:00:05]} 9. Nb3 {[%emt 0:00:22]} Qh5 {[%emt 0:00:06]} 10. Nd5 {[%emt 0:01:12]} d6 {[%emt 0:15:06]} 11. Nf4 {[%emt 0:02:45]} Qf5 {[%emt 0:02:19]} 12. h3 {[%emt 0:07:09]} Qd7 {[%emt 0:04:50]} 13. Be3 {[%emt 0:12:24]} b6 {[%emt 0:04:11]} 14. Nd3 {[%emt 0:13:49]} Bb7 {[%emt 0:01:18]} 15. c5 {[%emt 0:00:06]} Nd8 {[%emt 0:19:39]} 16. cxd6 {[%emt 0:04:01]} Bxg2 {[%emt 0:00:14]} 17. Kxg2 {[%emt 0:00:02]} Qxd6 {[%emt 0:00:06]} 18. Rc1 {[%emt 0:00:26]} Ne6 {[%emt 0:07:16]} 19. Qc2 {[%emt 0:02:03]} Qd7 {[%emt 0:02:48]} 20. Ne5 {[%emt 0:00:39]} Qd5+ {[%emt 0:00:10]} 21. Nf3 {[%emt 0:00:04]} Qb7 {[%emt 0:00:08]} 22. Qc6 {[%emt 0:01:19]} Qxc6 {[%emt 0:00:22]} 23. Rxc6 {[%emt 0:00:03]} Nd5 {[%emt 0:00:11]} 24. Bd4 {[%emt 0:00:12]} Rfc8 {[%emt 0:09:15]} 25. Rfc1 {[%emt 0:01:00]} Rxc6 {[%emt 0:00:06]} 26. Rxc6 {[%emt 0:00:04]} Nxd4 {[%emt 0:06:37]} 27. Nfxd4 {[%emt 0:01:59]} e5 {[%emt 0:05:41]} 28. Nb5 {[%emt 0:03:25]} a6 {[%emt 0:07:57]} 29. Nd6 {[%emt 0:02:12]} e4 {[%emt 0:07:51]} 30. Nxe4 {[%emt 0:07:59]} Bxb2 {[%emt 0:00:04]} 31. Rd6 {[%emt 0:00:08]} Nb4 {[%emt 0:02:18]} 32. Rxb6 {[%emt 0:00:16]} Nxa2 {[%emt 0:00:05]} 33. Nbc5 {[%emt 0:00:35]} Bd4 {[%emt 0:02:28]} 34. Rxa6 {[%emt 0:00:04]} Rxa6 {[%emt 0:00:04]} 35. Nxa6 {[%emt 0:00:06]} Nc3 {[%emt 0:00:06]} 36. e3 {[%emt 0:03:08]} Nxe4 {[%emt 0:01:00]} 37. exd4 {[%emt 0:00:01]} Kf8 {[%emt 0:00:18]} 38. Kf1 {[%emt 0:01:20]} Ke7 {[%emt 0:00:32]} 39. Ke2 {[%emt 0:00:08]} Kd6 {[%emt 0:00:49]} 40. Nb4 {[%emt 0:00:08]} Nc3+ {[%emt 0:01:04]} 41. Kd2 {[%emt 0:00:22]} Ne4+ {[%emt 0:00:22]} 42. Ke3 {[%emt 0:00:03]} Nc3 {[%emt 0:00:04]} 43. h4 {[%emt 0:01:02]} f6 {[%emt 0:00:53]} 44. f3 {[%emt 0:00:25]} Nb5 {[%emt 0:01:57]} 45. Kd3 {[%emt 0:00:35]} Nc7 {[%emt 0:01:48]} 46. Kc4 {[%emt 0:01:01]} Ne8 {[%emt 0:00:03]} 47. Nd5 {[%emt 0:00:29]} Kc6 {[%emt 0:00:11]} 48. Ne3 {[%emt 0:00:15]} Nd6+ {[%emt 0:00:02]} 49. Kd3 {[%emt 0:00:07]} Kd7 {[%emt 0:00:26]} 50. d5 {[%emt 0:00:14]} h5 {[%emt 0:00:47]} 51. Kd4 {[%emt 0:00:22]} Nb5+ {[%emt 0:00:29]} 52. Kc4 {[%emt 0:00:14]} Nd6+ {[%emt 0:00:32]} 53. Kc5 {[%emt 0:00:03]} g5 {[%emt 0:00:06]} 54. Kd4 {[%emt 0:00:56]} Nb5+ {[%emt 0:00:16]} 55. Kd3 {[%emt 0:00:29]} Nd6 {[%emt 0:00:31]} 56. Ke2 {[%emt 0:03:55]} Kc7 {[%emt 0:00:17]} 57. Kd3 {[%emt 0:05:55]} Kd7 {[%emt 0:00:05]} 58. hxg5 {[%emt 0:00:07]} fxg5 {[%emt 0:00:01]} 59. g4 {[%emt 0:00:04]} h4 {[%emt 0:01:18]} 60. Nd1 {[%emt 0:01:12]} h3 {[%emt 0:01:14]} 61. Nf2 {[%emt 0:00:14]} h2 {[%emt 0:00:05]} 62. Nh1 {[%emt 0:00:39]} Nf7 {[%emt 0:01:11]} 63. Ke3 {[%emt 0:05:19]} Kd6 {[%emt 0:00:14]} 64. Kf2 {[%emt 0:00:08]} Kxd5 {[%emt 0:00:08]} 65. Kg2 {[%emt 0:00:07]} Ne5 {[%emt 0:00:33]} 66. Nf2 {[%emt 0:00:26]} Kd4 {[%emt 0:00:25]} 67. Nh3 {[%emt 0:00:08]} Nxf3 {[%emt 0:00:09]} 68. Nxg5 {[%emt 0:00:05]} Nxg5 {[%emt 0:00:03]} 69. Kxh2 {[%emt 0:00:04]} Ke5 1/2-1/2

[Event "25th Abu Dhabi Master 2018"]
[Site "Abu Dhabi"]
[Date "2018.08.08"]
[Round "2"]
[White "Vocaturo, Daniele"]
[Black "G, Akash"]
[Result "1-0"]
[WhiteElo "2617"]
[BlackElo "2410"]
[Annotator "TA"]
[PlyCount "71"]
[EventDate "2018.08.05"]
[EventType "swiss"]
[EventCountry "UAE"]
[SourceTitle "playchess.com"]
[Source "ChessBase"]
[SourceQuality "1"]

{[%evp 33,71,63,36,34,33,33,72,75,126,110,103,120,199,209,218,181,250,265,256,238,251,231,303,284,316,239,250,247,253,235,574,568,566,552,649,642,629,617,857,825]} 1. d4 Nf6 2. c4 g6 3. Nc3 Bg7 4. e4 d6 5. f3 O-O 6. Be3 c5 7. Nge2 Nc6 8. d5 Ne5 9. Ng3 e6 10. Be2 exd5 11. cxd5 a6 12. a4 h5 13. O-O Nh7 14. Qd2 {A65: Benoni} h4 15. Nh1 {[%cal Bg3h1,Bh1f2,Bf2d3,Bd3f4][%mdl 32]} f5 16. Nf2 Qf6 (16... Bd7 17. a5 b5 18. axb6 Qxb6 19. f4 Nf7 20. e5 dxe5 21. Nd3 exf4 22. Rxf4 {½-½ (77) Cheparinov,I (2681)-Mikhalevski,V (2559) Jerusalem 2015}) 17. f4 Nf7 {LiveBook: 8 Partien} 18. e5 dxe5 19. Bxc5 {Schwarz muss nun d6 beachten.} Rd8 20. fxe5 Qxe5 (20... Nxe5 $142 21. Nfe4 Qf7) 21. Nd3 $146 ({Vorgänger:} 21. Bc4 Qc7 {1-0 (45) Graf,F (2260)-Huschenbeth,N (2275) Neuhausen 2007}) 21... Qc7 22. a5 Bxc3 (22... Re8 $16) 23. Qxc3 $18 {Und Tae1 würde nun gewinnen.} ({Bloß nicht} 23. bxc3 $6 Rxd5 24. Bb6 Qe7 $16) 23... Rxd5 24. b4 Bd7 (24... Nhg5 $142) 25. Nf4 Rxc5 26. bxc5 ({Auf keinen Fall} 26. Qxc5 $6 Qxc5+ 27. bxc5 Ne5 $16) 26... Qe5 27. Rac1 Kg7 28. Bf3 Bc6 29. Rfe1 Qxc3 30. Rxc3 Nhg5 31. Ne6+ Kf6 $2 {[#]} (31... Kh6 {leistet mehr Widerstand.} 32. Bxc6 bxc6 33. Nxg5 Nxg5) 32. Bxc6 {Weiß steht klar auf Gewinn.} Nxe6 33. Bxb7 Ra7 34. c6 {[%cal Bc5c6,Bc6b7][%mdl 32]} Nd6 35. Rd3 Nxb7 36. cxb7 {Precision: Weiß = 79%, Schwarz = 31%.} 1-0